Score 0/15 Timer 03:00
0 Plays Today
Question Answer Wrong Answers
Originated as a Mexican holiday Cinco de Mayo
90%
Memorial Day
1.1%
Star Wars Day
0.4%
Mole Poblano is an iconic dish associated with this holiday Cinco de Mayo
88.2%
Memorial Day
1.6%
Star Wars Day
0.7%
Honours military personnel that lost their lives serving in the US Armed Forces Memorial Day
87.1%
Cinco de Mayo
3.5%
Star Wars Day
0.8%
Is a US federal holiday Memorial Day
86.7%
Cinco de Mayo
3.1%
Star Wars Day
0.8%
A key individual associated with this holiday is George Lucas Star Wars Day
85%
Cinco de Mayo
3%
Memorial Day
2.2%
Celebrated on the 5th Cinco de Mayo
83.8%
Memorial Day
4%
Star Wars Day
3.4%
Disney has observed this holiday annually since 2013 Star Wars Day
82.8%
Cinco de Mayo
5.5%
Memorial Day
2.2%
Celebrated on the last Monday in May Memorial Day
82%
Cinco de Mayo
6.9%
Star Wars Day
2.6%
Also known as Decoration Day Memorial Day
75.5%
Cinco de Mayo
13.7%
Star Wars Day
1.4%
Celebrated on the 4th Star Wars Day
75%
Cinco de Mayo
4.7%
Memorial Day
11.9%
The birthplace of this holiday is Waterloo, New York Memorial Day
72.4%
Cinco de Mayo
5.8%
Star Wars Day
13.2%
The first organised celebration of this holiday took place in Toronto Star Wars Day
71.3%
Cinco de Mayo
9.3%
Memorial Day
10.2%
The first association between this holiday and the date it's celebrated on came in 1979, in the London Evening News Star Wars Day
63.6%
Cinco de Mayo
12.3%
Memorial Day
15.1%
Commemorates a military victory in 1862 Cinco de Mayo
49.3%
Memorial Day
41.4%
Star Wars Day
0.4%
US Congress recognised this holiday in 2005 Cinco de Mayo
46.2%
Memorial Day
30.1%
Star Wars Day
14%
Come Together.
Have Fun.
All Virtual.
We all need to come together. Play Sporcle's virtual live trivia to have fun, connect with people, and get your trivia on. Join a live hosted trivia game for your favorite pub trivia experience done virtually. If a virtual private party is more your thing, go here for details.

You're not logged in!

Compare scores with friends on all Sporcle quizzes.
OR
Log In

Sporcle TV

Today on Sporcle TV


Watch our educational content, quiz creation guides, and fun videos on Sporcle TV.

Show Comments

Extras

Top Quizzes Today


Score Distribution

Paid Content

Your Account Isn't Verified!

In order to create a playlist on Sporcle, you need to verify the email address you used during registration. Go to your Sporcle Settings to finish the process.

Report this User

Report this user for behavior that violates our Community Guidelines.

Details: